| 000 | 00797cam a2200229 a 4500 | ||
|---|---|---|---|
| 001 | 000008085 | ||
| 005 | 20200929154427.0 | ||
| 008 | 940330s1991 ck f000 j spa | ||
| 040 |
_aDO-SdBNP _bspa _cDLC _dBNPHU |
||
| 082 |
_aCo863.44 _bL579c |
||
| 100 | 1 |
_aLeón Rey, José Antonio. _d1903-1994 _921989 |
|
| 245 | 1 | 0 |
_aCuando se muere el agua, y otros cuentos / _cJosé Antonio León Rey ; prólogo de Manuel Seco. |
| 260 |
_aBogotá, Colombia : _bInstituto Caro y Cuervo, _c1991. |
||
| 300 |
_a146 p. ; _c20 cm. |
||
| 490 | 1 |
_aLa Granada entreabierta _v56 |
|
| 650 | 4 |
_aCuentos colombianos _921475 |
|
| 650 | 4 |
_aLiteratura colombiana _91244 |
|
| 700 | 1 |
_aSeco, Manuel _epról. _921990 |
|
| 830 | 0 |
_aLa Granada entreabierta ; _v56 _98104 |
|
| 910 | _aCatalogación por copia / LC | ||
| 049 | _aBNGR | ||
| 999 |
_c7862 _d7862 |
||